| 000 | 00781nam a2200217Ia 4500 | ||
|---|---|---|---|
| 999 |
_c65205 _d65205 |
||
| 005 | 20240530110812.0 | ||
| 008 | 140319s2008 au a f b 000 0 ara d | ||
| 017 |
_a2008/1785 _bمصر. دار الكتب |
||
| 020 | _a9789776270787 | ||
| 040 |
_aGCL / _cGCL |
||
| 082 | 0 | 4 |
_221 _a791.456 / _bم ك |
| 100 | 0 | _aمحمد جمعة غباشى | |
| 245 | 1 | 0 |
_aكيف تعد برنامجا تليفزيونيا / _cتأليف محمد جمعة غباشى |
| 250 | _aط.1 | ||
| 260 |
_aالقاهرة : _bدار الفاروق للاستثمارات الثقافية، _c2008 . |
||
| 300 |
_a80 ص. : _bايض. ؛ _c20 سم. |
||
| 650 | 0 | 7 |
_aالبرامج التليفزيونية _2qrmak |
| 651 | _2qrmak | ||
| 942 |
_2ddc _cBK |
||